| 000 | 00552nam a2200109Ia 4500 | ||
|---|---|---|---|
| 008 | 171212s9999 xx 000 0 und d | ||
| 100 | _avan Stolk, Christian;Hoorens, Stijn;Brutscher, Philipp-Bastian;Hunt, Priscillia;Tsang, Flavia | ||
| 245 |
_cvan Stolk, Christian;Hoorens, Stijn;Brutscher, Philipp-Bastian;Hunt, Priscillia;Tsang, Flavia _aLife after Lisbon _bEurope’s Challenges to Promote Labour Force Participation and Reduce Income Inequality |
||
| 260 |
_bRAND Corporation _c2011 |
||
| 650 | _aLaw | ||
| 856 | _uwww.jstor.org/stable/10.7249/mg1068re | ||
| 999 |
_c352273 _d352273 |
||